Deep seabed resource Politics and technolog
| Main Author: | |
|---|---|
| Format: | Book |
| Published: |
New York
The Free Press
1979
|
| Subjects: |
MARC
| LEADER | 00000cam a2200000 7i4500 | ||
|---|---|---|---|
| 001 | 0000009501 | ||
| 020 | |a 0029018307 | ||
| 050 | 0 | 0 | |a GC1017 |b .B37 |
| 090 | 0 | 0 | |a GC1017 |b .B37 |
| 100 | 0 | |a Barkenbus, Jack N. |e author | |
| 245 | 0 | 0 | |a Deep seabed resource |b Politics and technolog |c Jack N. Barkenbus |
| 260 | 2 | |a New York |b The Free Press |c 1979 | |
| 300 | |a 191 p. |c 24 cm. | ||
| 650 | 0 | |a Manganese nodules | |
| 650 | 0 | |a Marine resources and state | |
| 650 | 0 | |a Ocean mining | |
| 999 | |a 1000004084 |b Book |c OPEN SHELF (30 DAYS) |e Gong Badak Campus | ||